| 000 | 00473nam a2200169Ia 4500 | ||
|---|---|---|---|
| 001 | 6357 | ||
| 003 | IN-NITTTR | ||
| 005 | 20251114233018.0 | ||
| 008 | 251113s9999||||xx |||||||||||||| ||eng|| | ||
| 040 | _beng | ||
| 040 | _cIN-NITTTR | ||
| 041 | _aeng | ||
| 082 | _a157 K828A | ||
| 100 | _aKohut, Heinz | ||
| 245 | 4 |
_aThe analysis of the self : _b a systematic approach to the psychoanalytic treatment of narcissistic personality disorders / _cKohut, Heinz |
|
| 942 |
_2ddc _cBK |
||
| 999 |
_c8995 _d8995 |
||